00474nam a22001817a 450000500170000001000150001702000230003203500130005503700130006808200080008110000230008924500570011226000410016927000510021030000250026170000030028670000030028920100813104517.0 aENG-100178 a812140441xc300.00 aEN-83710 bDBAD/PUB a881 aSridhar Rajeswaran aCraked images frozen frames /bby Sridhar Rajeswaran aNew DelhibNational Pub. Housec2000 a2/35 Ansari Road Darya GanjbNew Delhie110002 a[196] p. c21cm (Hb)